| 000 | 01012nam a2200301Ia 4500 | ||
|---|---|---|---|
| 001 | Para_122 | ||
| 003 | CHAP | ||
| 008 | 220125s1990 xx 000 0 und d | ||
| 010 | _a204455 | ||
| 040 | _cCHAP | ||
| 090 | _aPA FOLLETO 3089 | ||
| 100 |
_aNava Camberos, Urbano _980438 |
||
| 245 |
_aCuadro basico de insecticidas para el manejo integrado de plagas del algodonero en la Comarca Lagunera. Ciclo Primavera-Verano 1990 / _c por Urbano Nava Camberos y Keir Fco. Byerly Murphy |
||
| 260 |
_aMatamoros, Coah. : _b INIFAP. Campo Experimental de la Laguna |
||
| 300 | _a11 p. | ||
| 410 | _aFolleto para productores; 14 | ||
| 650 |
_aAlgodón _xPlagas _94046 |
||
| 700 | _a | ||
| 700 |
_aI. Byerly Murphy, Keir Fco. _9170410 |
||
| 710 |
_aII. INIFAP. México. Campo Experimental de la Laguna _9170411 |
||
| 901 | _aPA FOLLETO 3089 | ||
| 902 | _aA | ||
| 905 | _a0000001990 0000000000 00 | ||
| 910 | _a1990 | ||
| 942 | _cPARA | ||
| 942 |
_cPARA _d1 |
||
| 999 |
_c204455 _d204455 |
||